000 00434nam a2200169 a 4500
001 0000-8801
003 ELIB.Books
008 110520 1998
035 _a(ELIB.Books)0000-8947
082 _a248
_bGil
100 _aGilman, John
245 _aThey are Killing An Innocent Man
260 _bU.S.A; Dayspring Intermational
_c1998
650 _aChristian Life
942 _2ddc
_cBK
998 _cbat
_e2011-05-20
999 _c8801
_d8801